| 000 | 01027cam a2200337 i 4500 | ||
|---|---|---|---|
| 999 |
_c198 _d198 |
||
| 001 | 020510746 | ||
| 003 | UkOxU | ||
| 005 | 20190801085707.0 | ||
| 008 | 160202s2016 stkb j 000 1 eng c | ||
| 015 |
_aGBB5F9398 _2bnb |
||
| 020 | _a9781781125267 (pbk.) : | ||
| 035 | _a(StEdNL)6561573 | ||
| 035 | _a(Uk)017604171 | ||
| 040 |
_aStDuBDS _beng _cStDuBDS _dStEdNL _erda |
||
| 042 | _aukscp | ||
| 082 | 0 | 4 |
_aFIC LAW _223 |
| 100 | 1 |
_aLawrence, Caroline, _eauthor. |
|
| 245 | 1 | 0 |
_aQueen of the silver arrow / _cCaroline Lawrence. |
| 264 | 1 |
_aEdinburgh : _bBarrington Stoke Ltd, _c2016. |
|
| 300 |
_a103 pages : _bmap (colour) ; _c20 cm |
||
| 336 |
_atext _2rdacontent |
||
| 337 |
_aunmediated _2rdamedia |
||
| 338 |
_avolume _2rdacarrier |
||
| 500 | _a"This book is also super readable"--Sticker on rear cover. | ||
| 650 |
_aHistorical _vfiction |
||
| 655 | 0 | _aHigh interest-low vocabulary books. | |
| 655 | 0 | _aEasy reading | |
| 655 | 0 | _aYoung adult fiction. | |
| 942 |
_2ddc _cFIC |
||